Etablissement hydrothérapique et orthomorphique du parc Monceaux... / E. Dally / (Record no. 178774)

MARC details
000 -LEADER
campo de control de longitud fija 00605nam a2200169 i 4500
001 - NÚMERO DE CONTROL
campo de control 178774
003 - IDENTIFICADOR DE NÚMERO DE CONTROL
campo de control ES-MaACL
005 - FECHA Y HORA DE LA ÚLTIMA TRANSACCIÓN
campo de control 20230906220612.0
008 - DATOS DE LONGITUD FIJA--INFORMACIÓN GENERAL
campo de control de longitud fija 110620s1877 fr |||| | fre d
100 1# - ENTRADA PRINCIPAL--NOMBRE DE PERSONA
Nombre de persona Dally, E.
9 (RLIN) 126691
245 10 - MENCIÓN DEL TÍTULO
Título Etablissement hydrothérapique et orthomorphique du parc Monceaux... / E. Dally /
Mención de responsabilidad, etc. dirigé par le docteur E. Dally.
260 ## - PUBLICACIÓN, DISTRIBUCIÓN, ETC.
Lugar de publicación, distribución, etc. [S.l. :
Nombre del editor, distribuidor, etc. s.n.,
Fecha de publicación, distribución, etc. 1877?]
300 ## - DESCRIPCIÓN FÍSICA
Extensión 12 p. ;
Dimensiones 21 cm.
594 ## - Nota al título y mención de responsabilidad
Nota al título y mención de responsabilidad Ejemplar sin portada, título y autor tomado de principio del texto.
650 #4 - PUNTO DE ACCESO ADICIONAL DE MATERIA--TÉRMINO DE MATERIA
Término de materia o nombre geográfico como elemento de entrada Hidroterapia-
Subdivisión de forma Obras anteriores a 1800.
9 (RLIN) 147184
852 ## - LOCALIZACIÓN
Ubicación ES-MaACL
Número de control de estantería T-278-F-4
Holdings
Estatus retirado Estado de pérdida Estado de daño No para préstamo Colección Biblioteca de origen Biblioteca actual Ubicación en estantería Fecha de adquisición Fuente de adquisición Total de préstamos Signatura topográfica completa Código de barras Visto por última vez Precio de reemplazo Tipo de ítem Koha
        Colección de folletos Biblioteca del Ateneo de Madrid Biblioteca del Ateneo de Madrid Depósito folletos 20/06/2011     T-278-F-4 1187788 23/02/2023 23/02/2023 Folleto